000 00222nam a2200109Ia 4500
008 190216s9999||||xx |||||||||||||| ||und||
100 _aMuslim
245 0 _aSahih Muslim
260 _bRashidiya
650 _aArabic
942 _cBK
999 _c21
_d21